Formación humana y capacitación
Guardat en:
| Autors principals: | , |
|---|---|
| Format: | Llibre |
| Idioma: | espanyol |
| Publicat: |
Santiago
Dolmen
1995
|
| Matèries: | |
| Etiquetes: |
Afegir etiqueta
Sense etiquetes, Sigues el primer a etiquetar aquest registre!
|
MARC
| LEADER | 00000cam a2200000 a 4500 | ||
|---|---|---|---|
| 001 | UCU2141 | ||
| 003 | CL-VaPUC | ||
| 008 | 960419e19950000CL |||||||||||||||||spa|d | ||
| 020 | |a 9562012670 | ||
| 082 | 0 | 4 | |a 370.115 |b MAT |2 21 |
| 100 | |a Maturana Romesín, Humberto |e autor |9 448877 | ||
| 700 | 0 | |a Nisis de Rezepka, Sima |e author |9 358112 | |
| 245 | 1 | 0 | |a Formación humana y capacitación |
| 300 | |a 90 p | ||
| 942 | |c BK | ||
| 945 | |d 19960419 00:00:00 |a rleighto | ||
| 260 | |a Santiago |b Dolmen |c 1995 | ||
| 650 | 0 | |a Valores |9 309628 | |
| 650 | 0 | |a Formación profesional |9 257232 | |
| 650 | 0 | |a Educación |9 258661 | |
| 650 | 7 | |a CAPACITACION |2 CL-VaPUC |9 333907 | |
| 650 | 0 | |a Seres humanos |9 313276 | |
| 650 | 0 | |a Amor |9 257817 | |
| 650 | 7 | |a ESCUELA |2 CL-VaPUC |9 347989 | |
| 650 | 0 | |a Aprendizaje |9 254827 | |
| 650 | 0 | |a Docentes |9 311365 | |
| 583 | |a last modification |c 20170223 01:10:28 |k Rodrigo Vera | ||
| 999 | |c 246522 |d 246520 | ||
| 952 | |0 0 |1 0 |4 0 |6 370_115000000000000_MAT_1995 |7 0 |8 A |9 261581 |a BIBEDU |b BIBEDU |d 2019-11-19 |i 3192326 |o 370.115 MAT 1995 |p 3192326 |r 2019-11-19 |w 2019-11-19 |y BK |k EDU | ||
| 952 | |0 0 |1 0 |4 0 |6 370_115000000000000_MAT_1995 |7 0 |8 A |9 261582 |a BIBEDU |b BIBEDU |d 2019-11-19 |i 3508749 |o 370.115 MAT 1995 |p 3508749 |r 2019-11-19 |w 2019-11-19 |y BK |k BME | ||
| 952 | |0 0 |1 0 |4 0 |6 370_115000000000000_MAT_1995 |7 0 |8 A |9 261583 |a BIBEDU |b BIBEDU |d 2019-11-19 |i 4677196 |o 370.115 MAT 1995 |p 4677196 |r 2019-11-19 |w 2019-11-19 |y BK |k EPE | ||
| 952 | |0 0 |1 0 |3 erb |4 0 |6 370_115000000000000_MAT_1995 |7 0 |8 A |9 261584 |a BIBENE |b BIBENE |i 5327636 |o 370.115 MAT 1995 |p 5327636 |r 2025-01-15 |w 2019-11-19 |y BK |z Catalogado en:20170226 |k ICO | ||